Welcome to CU Library Online Public Access Catalogue (OPAC)

Microsoft Office Word 2003 (Record no. 8141)

MARC details
000 -LEADER
fixed length control field 00488nam a22001577a 4500
005 - DATE AND TIME OF LATEST TRANSACTION
control field 20251108112835.0
008 - FIXED-LENGTH DATA ELEMENTS--GENERAL INFORMATION
fixed length control field 251108b |||||||| |||| 00| 0 eng d
020 ## - INTERNATIONAL STANDARD BOOK NUMBER
International Standard Book Number 9781418843007
050 ## - LIBRARY OF CONGRESS CALL NUMBER
Classification number Z52.5
Item number .M52
100 ## - MAIN ENTRY--PERSONAL NAME
Personal name Duffy, Jennifer A.
245 ## - TITLE STATEMENT
Title Microsoft Office Word 2003
Remainder of title brief
Statement of responsibility, etc. Jennifer A. Duffy
250 ## - EDITION STATEMENT
Remainder of edition statement Illustrated, CourseCard Edition
260 ## - PUBLICATION, DISTRIBUTION, ETC.
Place of publication, distribution, etc. Australia
Name of publisher, distributor, etc. Thomson Course Technology
Date of publication, distribution, etc. 2006
300 ## - PHYSICAL DESCRIPTION
Extent viii. various paging
Other physical details ill. color
Dimensions 27.5cm
942 ## - ADDED ENTRY ELEMENTS (KOHA)
Source of classification or shelving scheme Library of Congress Classification
Koha item type Books
Suppress in OPAC No
999 ## -
-- 8141
-- 8141
Holdings
Withdrawn status Lost status Source of classification or shelving scheme Damaged status Not for loan Collection Home library Current library Shelving location Date acquired Total checkouts Full call number Barcode Date last seen Copy number Price effective from Koha item type
    Library of Congress Classification     Non-fiction Science Library (Miotso) Science Library (Miotso) General stacks 11/08/2025   Z52.5 .M52 DUF SLM00005576 11/08/2025 1 11/08/2025 Books
© 2023-2024 Copyright: Central University Libraries. All Rights Reserved | Created by: Mahone Tech Office